Actors / Actresses Chain #11 - Statistics

General Stats
  • This quiz has been taken 107 times
  • The average score is 16 of 38
Answer Stats
Answer Hint % Correct
Johnny Depp Pirates of the Caribbean: The Curse of the Black Pearl
93%
Julia Roberts Pretty Woman
92%
Julia Roberts Notting Hill
92%
Sandra Bullock The Blind Side
79%
Sandra Bullock Gravity
79%
Hugh Grant Notting Hill
76%
Hugh Grant About a Boy
76%
Mel Gibson What Women Want
71%
Mel Gibson Braveheart
71%
Gwyneth Paltrow Shakespeare in Love
64%
Gwyneth Paltrow Shallow Hal
64%
George Clooney Gravity
60%
George Clooney Batman & Robin
60%
Glenn Close Dangerous Liaisons
54%
Glenn Close 101 Dalmatians
54%
Jeff Daniels 101 Dalmatians
40%
Jeff Daniels Dumb and Dumber
40%
James McAvoy The Chronicles of Narnia: The Lion, the Witch and the Wardrobe
39%
James McAvoy X-Men: First Class
39%
Nicholas Hoult About a Boy
29%
Nicholas Hoult Tolkien
29%
Uma Thurman Batman & Robin
26%
Uma Thurman Dangerous Liaisons
26%
Jason Alexander Shallow Hal
25%
Jason Alexander Pretty Woman
25%
Tilda Swinton The Beach
25%
Tilda Swinton The Chronicles of Narnia: The Lion, the Witch and the Wardrobe
25%
Geoffrey Rush Pirates of the Caribbean: The Curse of the Black Pearl
24%
Geoffrey Rush Shakespeare in Love
24%
Sophie Marceau Braveheart
13%
Sophie Marceau The World Is Not Enough
13%
Robert Carlyle The World Is Not Enough
12%
Robert Carlyle The Beach
12%
Lauren Holly Dumb and Dumber
11%
Lauren Holly What Women Want
11%
Lily Collins Tolkien
8%
Lily Collins The Blind Side
8%
Kevin Bacon X-Men: First Class
6%
No matching quizzes found
Score Distribution
Percent of People with Each Score
Percentile by Number Answered
Your Score History
You have not taken this quiz